| 000 -LEADER |
| fixed length control field |
00416cam a22001097a 4500 |
| 008 - FIXED-LENGTH DATA ELEMENTS--GENERAL INFORMATION |
| fixed length control field |
180718b1941 xxu||||| |||| 00| 0 eng d |
| 082 ## - DEWEY DECIMAL CLASSIFICATION NUMBER |
| Classification number |
B71x75284 B791 |
| 245 ## - TITLE STATEMENT |
| Title |
Government of montgomery country Maryland: a survey made at the request of the Board of County Commissioners |
| 260 ## - PUBLICATION, DISTRIBUTION, ETC. |
| Place of publication, distribution, etc. |
Washington |
| Name of publisher, distributor, etc. |
Brookings Institution |
| Date of publication, distribution, etc. |
1941 |
| 300 ## - PHYSICAL DESCRIPTION |
| Extent |
xxiv, 740 p |
| 650 ## - SUBJECT ADDED ENTRY--TOPICAL TERM |
| Topical term or geographic name entry element |
Montgomery County (Md.) --Politics and government. |